Slovenskí vinári sa vo svete nestratili ani tento rok

Najúspešnejšie slovenské vína v zahraničí. Zahraničné súťaže zaručujú lepší predaj na Slovensku.

Guardado en:
Detalles Bibliográficos
Autor principal: Nemec, Milan
Formato: Capítulo de libro
Lenguaje:eslovaco
Materias:
Etiquetas: Agregar Etiqueta
Sin Etiquetas, Sea el primero en etiquetar este registro!

MARC

LEADER 00000naa a2200000 4500
001 0162175
005 20231113080534.6
041 0 |a slo 
044 |a SK 
245 1 0 |a Slovenskí vinári sa vo svete nestratili ani tento rok  |c Milan Nemec 
520 |a Najúspešnejšie slovenské vína v zahraničí. Zahraničné súťaže zaručujú lepší predaj na Slovensku. 
610 2 0 |a víno 
610 2 0 |a Slovensko 
610 2 0 |a predaj 
610 2 0 |a súťaže 
100 1 |a Nemec, Milan